Rubin's pathology : (Record no. 10896)
[ view plain ]
| 000 -LEADER | |
|---|---|
| fixed length control field | 01504cam a22003614a 4500 |
| 001 - CONTROL NUMBER | |
| control field | 13381286 |
| 005 - DATE AND TIME OF LATEST TRANSACTION | |
| control field | 20070410075208.0 |
| 008 - FIXED-LENGTH DATA ELEMENTS--GENERAL INFORMATION | |
| fixed length control field | 031023s2004 paua b 001 0 eng |
| 010 ## - LIBRARY OF CONGRESS CONTROL NUMBER | |
| LC control number | 2003065889 |
| 020 ## - INTERNATIONAL STANDARD BOOK NUMBER | |
| International Standard Book Number | 0781747333 |
| 035 ## - SYSTEM CONTROL NUMBER | |
| System control number | (DNLM)101195445 |
| 040 ## - CATALOGING SOURCE | |
| Original cataloging agency | DNLM/DLC |
| Transcribing agency | DLC |
| Modifying agency | DLC |
| 042 ## - AUTHENTICATION CODE | |
| Authentication code | pcc |
| 050 00 - LIBRARY OF CONGRESS CALL NUMBER | |
| Classification number | RB111 |
| Item number | .E856 2004 |
| 060 10 - NATIONAL LIBRARY OF MEDICINE CALL NUMBER | |
| Classification number | QZ 4 |
| Item number | R896 2004 |
| 082 00 - DEWEY DECIMAL CLASSIFICATION NUMBER | |
| Classification number | 616.07 |
| Edition number | 22 |
| Item number | RUB NR |
| 245 00 - TITLE STATEMENT | |
| Title | Rubin's pathology : |
| Remainder of title | clinicopathologic foundations of medicine / |
| Statement of responsibility, etc | editor-in-chief, Emanuel Rubin ; associate editors, Fred Gorstein ... [et al.]. |
| 246 30 - VARYING FORM OF TITLE | |
| Title proper/short title | Pathology |
| 250 ## - EDITION STATEMENT | |
| Edition statement | 5th ed. |
| 260 ## - PUBLICATION, DISTRIBUTION, ETC. (IMPRINT) | |
| Place of publication, distribution, etc | Philadelphia : |
| Name of publisher, distributor, etc | Lippincott Williams & Wilkins, |
| Date of publication, distribution, etc | c2004. |
| 300 ## - PHYSICAL DESCRIPTION | |
| Extent | xvi, 1587 p. : |
| Other physical details | ill. (chiefly col.) ; |
| Dimensions | 28 cm. + |
| 500 ## - GENERAL NOTE | |
| General note | Rev. ed. of: Essential pathology. 3rd ed. c2001. |
| 504 ## - BIBLIOGRAPHY, ETC. NOTE | |
| Bibliography, etc | Includes bibliographical references and index. |
| 650 #0 - SUBJECT ADDED ENTRY--TOPICAL TERM | |
| Topical term or geographic name as entry element | Pathology. |
| 650 12 - SUBJECT ADDED ENTRY--TOPICAL TERM | |
| Topical term or geographic name as entry element | Pathology. |
| 700 1# - ADDED ENTRY--PERSONAL NAME | |
| Personal name | Rubin, Emanuel, |
| Dates associated with a name | 1928- |
| 700 1# - ADDED ENTRY--PERSONAL NAME | |
| Personal name | Gorstein, Fred. |
| 730 0# - ADDED ENTRY--UNIFORM TITLE | |
| Uniform title | Essential pathology. |
| 856 42 - ELECTRONIC LOCATION AND ACCESS | |
| Materials specified | Publisher description |
| Uniform Resource Identifier | <a href="http://www.loc.gov/catdir/enhancements/fy0712/2003065889-d.html">http://www.loc.gov/catdir/enhancements/fy0712/2003065889-d.html</a> |
| 942 ## - ADDED ENTRY ELEMENTS (KOHA) | |
| Source of classification or shelving scheme | Dewey Decimal Classification |
| Item type | Book - Borrowing |
| Withdrawn status | Item status | Source of classification or shelving scheme | Damaged status | Not for loan | Vendor | Home library | Current library | Shelving location | Date acquired | Source of acquisition | Cost, normal purchase price | Serial Enumeration / chronology | Total Checkouts | Total Renewals | Full call number | Barcode | Date last seen | Date last borrowed | Koha item type |
|---|---|---|---|---|---|---|---|---|---|---|---|---|---|---|---|---|---|---|---|
| Dewey Decimal Classification | Iqraa | Central Library | Central Library | First floor | 19/02/2009 | 585.00 | 1400 | 13 | 10 | 616.07 RUB NR | 000014913 | 15/07/2025 | 20/10/2024 | Book - Borrowing |